| 000 | 00724cam a22002413a 4500 | ||
|---|---|---|---|
| 001 | 18026 | ||
| 003 | PGUSA | ||
| 005 | 20140828083402.0 | ||
| 008 | 060320s2006||||xxu|||||s|||||000 | eng d | ||
| 040 |
_aPGUSA _beng |
||
| 042 | _adc | ||
| 050 | 4 | _aDP | |
| 100 | 1 |
_aGalvão, Duarte, _d1446-1517 |
|
| 245 | 1 | 0 |
_aChronica de el-rei D. Affonso Henriques _h[electronic resource] / _cDuarte Galvão |
| 260 |
_bProject Gutenberg, _c2006 |
||
| 506 | _aPublic domain in the USA. | ||
| 516 | _aElectronic text | ||
| 653 | _aPortugal -- History -- Afonso I, 1139-1185 | ||
| 653 | _aAfonso I, King of Portugal, 1109?-1185 | ||
| 830 | 0 |
_aProject Gutenberg _v18026 |
|
| 856 | 4 | 0 | _uhttp://www.gutenberg.org/ebooks/18026 |
| 942 | _cEB | ||
| 999 |
_c247281 _d247281 |
||